Normal view
MARC view
- Remote Sensing in GIS - MS Thesis.
Entry Topical Term
001 - CONTROL NUMBER
- control field: 29040
003 - CONTROL NUMBER IDENTIFIER
- control field: NUST
005 - DATE AND TIME OF LATEST TRANSACTION
- control field: 20200317123511.0
008 - FIXED-LENGTH DATA ELEMENTS
- fixed length control field: 200317|| aca||aabn | a|a d
040 ## - CATALOGING SOURCE
- Original cataloging agency: NUST
- Transcribing agency: NUST
150 ## - HEADING--TOPICAL TERM
- Topical term or geographic name entry element: Remote Sensing in GIS - MS Thesis.
670 ## - SOURCE DATA FOUND
- Source citation: Work cat.: (NUST): Adnan. 29039, Spatial Modeling of Groundwater Quality Assessment :, 2013.
